| 000 | 01022cam a2200277 a 4500 | ||
|---|---|---|---|
| 001 | 15072890 | ||
| 005 | 20180201035447.0 | ||
| 008 | 071106s2009 maua b 001 0 eng | ||
| 010 | _a 2007045986 | ||
| 020 | _a9780073522432 (student edition : alk. paper) | ||
| 020 | _a0073522430 (student edition : alk. paper) | ||
| 020 | _a9780073330426 (annotated instructor's edition : alk. paper) | ||
| 020 | _a0073330426 (annotated instructor's edition : alk. paper) | ||
| 040 |
_aDLC _cDLC _dDLC |
||
| 041 | _aeng | ||
| 080 | _a378.198 ROB | ||
| 082 | 0 | 0 |
_a378.198 ROB _222 |
| 100 | _a45 | ||
| 101 | _aEDU | ||
| 245 | 0 | 0 |
_aP.O.W.E.R learning : _cRobert S. Feldman. |
| 246 | 3 | _aPOWER learning | |
| 504 | _aIncludes bibliographical references and index. | ||
| 906 |
_a7 _bcbc _corignew _d1 _eecip _f20 _gy-gencatlg |
||
| 942 |
_2ddc _cBK |
||
| 999 |
_c41467 _d41467 |
||